The noble scholar, jurist, historian


 His Excellency Dr. Abdul Wahhab bin Ibrahim Abu Sulaiman, may Allah have mercy on him.


 He was born in Umm Al-Qura in the year 1356 AH.

البيان والإشهار لكشف زيغ الملحد الحاج مختار / (Record no. 8054)

MARC details
000 -LEADER
fixed length control field 01613cam a2200313 i 4500
003 - CONTROL NUMBER IDENTIFIER
control field SA-RiAUC
005 - DATE AND TIME OF LATEST TRANSACTION
control field 20250519060354.0
008 - FIXED-LENGTH DATA ELEMENTS--GENERAL INFORMATION
fixed length control field 250516s2001 su g 000r0 ara c
020 ## - INTERNATIONAL STANDARD BOOK NUMBER
International Standard Book Number 9960389286
040 ## - CATALOGING SOURCE
Original cataloging agency SA-EnSBSSC
Language of cataloging ara
Transcribing agency SA-RiAUC
Description conventions rda
082 04 - DEWEY DECIMAL CLASSIFICATION NUMBER
Classification number 216.4
Assigning agency SA-RiAUC
090 ## - LOCALLY ASSIGNED LC-TYPE CALL NUMBER (OCLC); LOCAL CALL NUMBER (RLIN)
Classification number (OCLC) (R) ; Classification number, CALL (RLIN) (NR) 216.4
Local cutter number (OCLC) ; Book number/undivided call number, CALL (RLIN) ف و ز
100 1# - MAIN ENTRY--PERSONAL NAME
Personal name فوزان السابق، فوزان بن سابق بن فوزان،
Dates associated with a name 1275-1373 هجري
Relator term مؤلف.
245 12 - TITLE STATEMENT
Title البيان والإشهار لكشف زيغ الملحد الحاج مختار /
Statement of responsibility, etc. تأليف فوزان السابق.
250 ## - EDITION STATEMENT
Edition statement الطبعة الرابعة.
264 #1 - PRODUCTION, PUBLICATION, DISTRIBUTION, MANUFACTURE, AND COPYRIGHT NOTICE
Place of production, publication, distribution, manufacture [مكان النشر غير محدد] :
Name of producer, publisher, distributor, manufacturer [الناشر غير محدد]،
Date of production, publication, distribution, manufacture, or copyright notice 2001
264 #3 - PRODUCTION, PUBLICATION, DISTRIBUTION, MANUFACTURE, AND COPYRIGHT NOTICE
Place of production, publication, distribution, manufacture الرياض :
Name of producer, publisher, distributor, manufacturer مطابع الشرق الأوسط
300 ## - PHYSICAL DESCRIPTION
Extent 448 صفحة ؛
Dimensions 24 سم
336 ## - CONTENT TYPE
Content type term نص
Content type code txt
Source rdacontent
Materials specified كتاب
337 ## - MEDIA TYPE
Media type term بدون وسيط
Media type code n
Source rdamedia
338 ## - CARRIER TYPE
Carrier type term مجلد
Carrier type code nc
Source rdacarrier
500 ## - GENERAL NOTE
General note رد على كتاب جلاء الأوهام عند مذاهب الأئمة العظام.
500 ## - GENERAL NOTE
General note وهو رد على كتاب جلاء الاوهام / مختار العظمى.
650 #7 - SUBJECT ADDED ENTRY--TOPICAL TERM
Topical term or geographic name entry element علم الكلام
General subdivision دفع مطاعن
Source of heading or term aucsh
650 #7 - SUBJECT ADDED ENTRY--TOPICAL TERM
Topical term or geographic name entry element الإلحاد والملحدون
Source of heading or term aucsh
700 12 - ADDED ENTRY--PERSONAL NAME
Relationship information رد على :
Personal name مختار المؤيد، مختار بن أحمد المؤيد العظمي،
Dates associated with a name 1237-1340 هجري
Title of a work جلاء الأوهام عن مذاهب الأئمة العظام والتوسل بجاه خير الأنام عليه الصلاة والسلام.
942 ## - ADDED ENTRY ELEMENTS (KOHA)
Source of classification or shelving scheme Dewey Decimal Classification
Koha item type Books
Suppress in OPAC No
949 ## - LOCAL PROCESSING INFORMATION (OCLC)
a SA-JeALM
d 250516
u mohamedma123
n 1
Holdings
Withdrawn status Lost status Source of classification or shelving scheme Damaged status Not for loan Home library Current library Date acquired Total checkouts Full call number Barcode Date last seen Price effective from Koha item type
    Dewey Decimal Classification     DR AbdElwahab Library DR AbdElwahab Library 05/19/2025   216.4 ف و ز 000013381 05/19/2025 05/19/2025 Books